000 00766nam a2200241 i 4500
001 bgj
100 1 _aDUFF, Alan
245 1 0 _aTranslation /
_cAlan Duff.
250 _a[2nd impr.].
260 _aOxford :
_bOxford University Press,
_c1990.
300 _a[4], 160 pp :
_bill. ;
_c25 cm.
490 1 _aResource Books for Teachers / Alan Maley, series ed.
504 _aBibliography p. 158-160.
650 9 _aEnglish language
_xStudy and teaching
_xForeign speakers
650 9 _aActivity programmes in education
_xTranslation
830 0 _aResource Books for Teachers (Alan Maley, series ed.)
020 _a0194371042 (pbk)
040 _cBPK
041 0 _aeng
920 _a0-19-437104-2 (pbk)
942 _cKS
008 s uk f |000 0 eng
999 _c41319
_d41319
856 _uhttp://koha.tu.koszalin.pl/cgi-bin/koha/opac-detail.pl?biblionumber=41319
_yKatalog online BPK